000 00731nam a22002057a 4500
005 20100812140944.0
010 _aENG-99928
020 _a9789380017471
_c80.00
035 _aEN-83460
037 _bDBAD/PUB
082 _a363.7
100 _aChristina, B
_911791
245 _aEnvironmental Studies /
_cby B Christina
260 _aChennai
_bToday Publications
_c2008
270 _a192 Bells Road S R Complex Chepauk
_bChennai
_e600005
300 _a119p
_b ill
_c20cm(pbk)
500 _asame ISBN given in A reviewof indian agriculture
942 _2ddc
_cEN
_h363.7
_mCHR
999 _c41363
_d41363